[Event "Titled Tuesday intern op 3rd Oct"]
[Site "Chess.com INT"]
[Date "2017.10.03"]
[Round "5"]
[White "Galchenko, Matvey"]
[Black "Georgopoulos, Nikolaos"]
[Result "1-0"]
[WhiteElo "2340"]
[BlackElo "2294"]
[PlyCount "61"]
[EventDate "2017.10.03"]
[EventType "swiss (blitz)"]
[EventRounds "10"]
[EventCountry "USA"]
[SourceTitle "EXT 2021"]
[Source "ChessBase"]
[SourceDate "2020.10.23"]
[SourceVersion "1"]
[SourceVersionDate "2020.10.23"]
[SourceQuality "1"]

1. c4 c5 2. Nf3 Nf6 3. g3 Nc6 4. Bg2 d5 5. cxd5 Nxd5 6. 0-0 e5 7. d3 Be7 8. Nbd2 0-0 9. a3 Be6 10. e3 Qd7 11. Qe2 Rfd8 12. Ne4 h6 13. Rd1 Rac8 14. Bd2 b6 15. Bc3 Qc7 16. Ned2 b5 17. Rac1 Qb8 18. b3 Nxc3 19. Rxc3 f5 20. Rdc1 Qb6 21. d4 cxd4 22. exd4 e4 23. Nxe4 fxe4 24. Qxe4 Bd5 25. Qg4 Bf6 26. Ne5 Bxg2 27. Qe6+ Kh8 28. Nf7+ Kh7 29. Kxg2 Qb7 30. Qe4+ Kg8 31. Nxd8 1-0

[Event "Titled Tuesday intern op 3rd Oct"]
[Site "Chess.com INT"]
[Date "2017.10.03"]
[Round "6"]
[White "Georgopoulos, Nikolaos"]
[Black "Freitag, Todd M"]
[Result "1-0"]
[WhiteElo "2298"]
[BlackElo "2001"]
[PlyCount "93"]
[EventDate "2017.10.03"]
[EventType "swiss (blitz)"]
[EventRounds "10"]
[EventCountry "USA"]
[SourceTitle "EXT 2021"]
[Source "ChessBase"]
[SourceDate "2020.10.23"]
[SourceVersion "1"]
[SourceVersionDate "2020.10.23"]
[SourceQuality "1"]

1. e4 c5 2. Nf3 d6 3. d4 cxd4 4. Nxd4 Nf6 5. Nc3 a6 6. h3 e6 7. g4 b5 8. g5 Nfd7 9. Be3 Bb7 10. a3 Nb6 11. h4 Nc6 12. h5 Ne5 13. Qe2 Nec4 14. 0-0-0 Be7 15. f4 d5 16. e5 b4 17. axb4 Bxb4 18. Nb1 Nxb2 19. Kxb2 Nc4+ 20. Kc1 Qa5 21. Rd3 Qa1 22. Rb3 Ba3+ 23. Kd1 Bb2 24. Ke1 Qxb1+ 25. Kf2 Nxe3 26. Kxe3 Bxd4+ 27. Kxd4 Qa1+ 28. c3 Bc6 29. Bg2 Qa5 30. Qb2 0-0 31. Ra1 Qc7 32. Ke3 Bb5 33. Qd2 f6 34. Qd4 fxg5 35. fxg5 Qf7 36. Qh4 Qf5 37. c4 Bxc4 38. Rc3 Rab8 39. Raa3 Rb2 40. Rxc4 dxc4 41. Be4 Qf2+ 42. Qxf2 Rfxf2 43. Rxa6 Ra2 44. Rc6 Rfb2 45. Rc8+ Kf7 46. Bxh7 Ra3+ 47. Kd4 1-0

[Event "Titled Tuesday intern op 3rd Oct"]
[Site "Chess.com INT"]
[Date "2017.10.03"]
[Round "3"]
[White "Georgopoulos, Nikolaos"]
[Black "Jackson, James P"]
[Result "0-1"]
[WhiteElo "2292"]
[BlackElo "2304"]
[PlyCount "98"]
[EventDate "2017.10.03"]
[EventType "swiss (blitz)"]
[EventRounds "10"]
[EventCountry "USA"]
[SourceTitle "EXT 2021"]
[Source "ChessBase"]
[SourceDate "2020.10.23"]
[SourceVersion "1"]
[SourceVersionDate "2020.10.23"]
[SourceQuality "1"]

1. e4 g6 2. d4 Bg7 3. Nc3 d6 4. f4 a6 5. Nf3 b5 6. Bd3 Nd7 7. a4 b4 8. Ne2 c5 9. c3 bxc3 10. bxc3 Ngf6 11. e5 dxe5 12. dxe5 Ng4 13. Be4 Rb8 14. h3 Nh6 15. g4 0-0 16. Be3 Bb7 17. Bxb7 Rxb7 18. 0-0 Qc7 19. Qd3 Qc6 20. Qc4 Rc8 21. a5 Qb5 22. Qxb5 Rxb5 23. Rfd1 Nf8 24. Ng3 Rb3 25. Rdc1 Nd7 26. Nd2 Rb7 27. Nc4 Kf8 28. Rab1 Rcb8 29. Rxb7 Rxb7 30. Ne4 Rb5 31. Rd1 Ke8 32. e6 fxe6 33. Ng5 Nf8 34. Ne4 Nd7 35. Ng5 Bxc3 36. Nxe6 Rb4 37. Nb6 Nxb6 38. Rd8+ Kf7 39. Ng5+ Kg7 40. axb6 Rxb6 41. Bxc5 Rb7 42. Ra8 a5 43. Re8 Nf7 44. Ne6+ Kf6 45. Nd8 Nxd8 46. Rxd8 Ke6 47. Ra8 Kd5 48. Be3 Ke4 49. Kf2 Rb2+ 0-1

[Event "Titled Tuesday intern op 5th Sept"]
[Site "Chess.com INT"]
[Date "2017.09.05"]
[Round "6"]
[White "Georgopoulos, Nikolaos"]
[Black "Eden, James"]
[Result "0-1"]
[WhiteElo "2385"]
[BlackElo "2385"]
[PlyCount "78"]
[EventDate "2017.09.05"]
[EventType "swiss (blitz)"]
[EventRounds "10"]
[EventCountry "USA"]
[SourceTitle "EXT 2021"]
[Source "ChessBase"]
[SourceDate "2020.10.23"]
[SourceVersion "1"]
[SourceVersionDate "2020.10.23"]
[SourceQuality "1"]

1. Nf3 d5 2. d4 Nf6 3. c4 c6 4. e3 Bf5 5. Nc3 a6 6. Nh4 Bc8 7. Bd3 e6 8. Nf3 Nbd7 9. 0-0 Bd6 10. e4 dxe4 11. Nxe4 Nxe4 12. Bxe4 Nf6 13. Bc2 h6 14. Qe2 0-0 15. b3 b5 16. Ne5 Bb7 17. c5 Bc7 18. Rd1 Qd5 19. Rd3 a5 20. Rg3 Kh8 21. Bxh6 gxh6 22. Qe3 Ng8 23. Rh3 f5 24. Rxh6+ Nxh6 25. Qxh6+ Kg8 26. Qg6+ Kh8 27. Rd1 Bxe5 28. Rd3 Bg7 29. Rh3+ Kg8 30. b4 Rf6 31. Qh7+ Kf8 32. Rg3 Rf7 33. h4 Qxd4 34. Bb3 Qa1+ 35. Kh2 Qe5 36. h5 Ke7 37. h6 Bxh6 38. Qg6 Rh8 39. Bxe6 Bf4+ 0-1

[Event "Titled Tuesday intern op 5th Sept"]
[Site "Chess.com INT"]
[Date "2017.09.05"]
[Round "1"]
[White "Georgopoulos, Nikolaos"]
[Black "Nihal, Sarin"]
[Result "1-0"]
[WhiteElo "2384"]
[BlackElo "2483"]
[PlyCount "127"]
[EventDate "2017.09.05"]
[EventType "swiss (blitz)"]
[EventRounds "10"]
[EventCountry "USA"]
[SourceTitle "EXT 2021"]
[Source "ChessBase"]
[SourceDate "2020.10.23"]
[SourceVersion "1"]
[SourceVersionDate "2020.10.23"]
[SourceQuality "1"]

1. Nf3 Nf6 2. c4 c6 3. d4 d5 4. e3 Bf5 5. Nc3 e6 6. Be2 Nbd7 7. Nh4 Be4 8. Nxe4 dxe4 9. g3 Be7 10. 0-0 0-0 11. b3 a5 12. a3 Re8 13. Bb2 Nf8 14. Kh1 Ng6 15. Ng2 Bd6 16. Qc2 Qe7 17. Rfd1 Rad8 18. Nf4 e5 19. Nxg6 hxg6 20. dxe5 Bxe5 21. Rxd8 Rxd8 22. Rd1 Rxd1+ 23. Bxd1 Qe6 24. Be2 g5 25. Kg2 g6 26. Qd2 Bxb2 27. Qxb2 Nd7 28. Qd2 Kf8 29. Qxa5 Ne5 30. Qd8+ Kg7 31. Qxg5 f6 32. Qh4 Qf5 33. Qf4 Qe6 34. Qxe4 f5 35. Qd4 Kf7 36. c5 Ke7 37. f4 Nf7 38. Bc4 Qc8 39. h4 Qa8 40. Qg7 Qxa3 41. Qxf7+ Kd8 42. Be6 Qb2+ 43. Kh3 Qd2 44. Qf8+ Kc7 45. Qe7+ Kb8 46. Qd6+ Qxd6 47. cxd6 b6 48. g4 c5 49. gxf5 gxf5 50. Bxf5 c4 51. bxc4 b5 52. c5 Kb7 53. Be4+ Kc8 54. c6 b4 55. Bd5 b3 56. Bxb3 Kd8 57. Kg4 Ke8 58. Kg5 Kf8 59. e4 Ke8 60. e5 Kf8 61. Kf6 Ke8 62. Be6 Kf8 63. c7 Ke8 64. c8Q# 1-0

[Event "Titled Tuesday intern op 5th Sept"]
[Site "Chess.com INT"]
[Date "2017.09.05"]
[Round "4"]
[White "Georgopoulos, Nikolaos"]
[Black "Pichot, Alan"]
[Result "1/2-1/2"]
[WhiteElo "2385"]
[BlackElo "2565"]
[PlyCount "329"]
[EventDate "2017.09.05"]
[EventType "swiss (blitz)"]
[EventRounds "10"]
[EventCountry "USA"]
[SourceTitle "EXT 2021"]
[Source "ChessBase"]
[SourceDate "2020.10.23"]
[SourceVersion "1"]
[SourceVersionDate "2020.10.23"]
[SourceQuality "1"]

1. Nf3 Nf6 2. d4 g6 3. e3 Bg7 4. Be2 0-0 5. 0-0 d6 6. b3 b6 7. Bb2 Bb7 8. c4 Nbd7 9. Nc3 e5 10. dxe5 dxe5 11. Qc2 e4 12. Nd4 c5 13. Ndb5 Qe7 14. Rad1 Ne8 15. Nd5 Bxd5 16. Rxd5 a6 17. Nc3 f5 18. Rfd1 Ne5 19. Na4 Rb8 20. Bxe5 Bxe5 21. Rd7 Qe6 22. Ra7 Nc7 23. Nc3 Ra8 24. Rxa8 Rxa8 25. Nd5 Rd8 26. Nxc7 Bxc7 27. Rxd8+ Bxd8 28. Qd2 Bf6 29. g3 Kf8 30. h4 Ke7 31. Bf1 Qe5 32. Be2 Qa1+ 33. Kg2 Qe5 34. Bf1 Bg7 35. Be2 Bh6 36. Bf1 Bg7 37. Be2 Bf6 38. Bf1 Ke6 39. Be2 Be7 40. Bf1 Bd6 41. Be2 h6 42. Bd1 g5 43. hxg5 hxg5 44. Bh5 g4 45. Be8 Ke7 46. Bc6 Qh8 47. Qe1 Kd8 48. Qh1 Qxh1+ 49. Kxh1 Be5 50. Bb7 a5 51. Kg2 Ke7 52. Kf1 Bc3 53. Ke2 Kd6 54. Bc8 Ke5 55. Bd7 Bb2 56. Kd2 Ba3 57. Ke2 Bc1 58. Kd1 Bb2 59. Kd2 Ba1 60. Kc2 Kf6 61. Bc8 Kg5 62. Bd7 Kf6 63. Bc8 Ke5 64. Bd7 a4 65. Bxa4 Kf6 66. Bd7 Be5 67. a3 Bd6 68. Kc3 Be5+ 69. Kc2 Bd6 70. Bc8 Ke5 71. Kc3 Bc7 72. b4 Kf6 73. Bd7 Be5+ 74. Kb3 Kg5 75. bxc5 bxc5 76. Bc8 Bc7 77. Ka4 Be5 78. Kb3 Bc7 79. Ka4 Be5 80. Kb3 Bf6 81. Bd7 Kg6 82. Be6 Be5 83. Bc8 Kf6 84. Bb7 Kg5 85. Ba6 Kf6 86. Kc2 Bc7 87. Bb7 Ba5 88. Kd1 Bc3 89. Ke2 Bb2 90. a4 Bc3 91. Bc8 Ke5 92. Bd7 Bb4 93. Kd1 Ba5 94. Bc8 Bd8 95. Bd7 Kf6 96. Bc8 Kg6 97. Bd7 Kg5 98. Kd2 Kf6 99. Ke2 Ke5 100. Bc8 Bc7 101. Bb7 Bb6 102. Bc6 Kf6 103. Bd5 Ke5 104. Bg8 Ba5 105. Bh7 Bc3 106. Bg8 Kf6 107. Bh7 Kg5 108. Kd1 Bb4 109. Ke2 Ba5 110. Kd1 Bd8 111. Bg8 Bc7 112. Be6 Bd8 113. Kd2 Bc7 114. Ke2 Bd8 115. Bd7 Bc7 116. Kf1 Bd8 117. Ke2 Bc7 118. Kf1 Bd8 119. Ke2 Bc7 120. Kf1 Bb6 121. Ke2 Bc7 122. Kf1 Bd8 123. Ke2 Bb6 124. Kf1 Kf6 125. Kg2 Ke5 126. Kh2 Ba5 127. Kh1 Bc3 128. Kh2 Ba5 129. Kh1 Bb4 130. Kh2 Be1 131. Kg2 Bb4 132. Kf1 Ba5 133. Kg1 Kf6 134. Kh2 Ke5 135. Bc8 Bb4 136. Kg2 Bc3 137. Kf1 Bd2 138. Ke2 Bc3 139. Kf1 Bb4 140. Kg1 Ba5 141. Kg2 Bb6 142. Kf1 Bc7 143. Ke2 Bd8 144. Kd1 Bc7 145. Bd7 Bd8 146. Bc6 Bc7 147. Bb7 Bb6 148. Bc8 Ba5 149. Bd7 Kf6 150. Be8 Ke5 151. Bh5 Kf6 152. Be8 Bb4 153. Bh5 Bc3 154. Be8 Bb4 155. Bc6 Ba5 156. Bd5 Bb6 157. Bc6 Bc7 158. Bd7 Bd8 159. Bc8 Bc7 160. Bd7 Bb6 161. Bc6 Ba5 162. Bb5 Ke5 163. Be8 Kf6 164. Bh5 Kg5 165. Be8 1/2-1/2

[Event "Titled Tuesday intern op 5th Sept"]
[Site "Chess.com INT"]
[Date "2017.09.05"]
[Round "9"]
[White "Narayanan, Sunilduth Lyna"]
[Black "Georgopoulos, Nikolaos"]
[Result "1-0"]
[WhiteElo "2568"]
[BlackElo "2383"]
[PlyCount "121"]
[EventDate "2017.09.05"]
[EventType "swiss (blitz)"]
[EventRounds "10"]
[EventCountry "USA"]
[SourceTitle "EXT 2021"]
[Source "ChessBase"]
[SourceDate "2020.10.23"]
[SourceVersion "1"]
[SourceVersionDate "2020.10.23"]
[SourceQuality "1"]

1. d4 Nf6 2. g3 g6 3. Bg2 Bg7 4. Nf3 0-0 5. 0-0 d6 6. c4 Nbd7 7. Nc3 e5 8. Qc2 exd4 9. Nxd4 Nb6 10. b3 c5 11. Nf3 d5 12. cxd5 Nfxd5 13. Nxd5 Bxa1 14. Bg5 f6 15. Bh6 Nxd5 16. Bxf8 Qxf8 17. Rxa1 Be6 18. a3 Rd8 19. e4 Nb6 20. Qc3 c4 21. bxc4 Nxc4 22. e5 fxe5 23. Ng5 Rd2 24. Rf1 Bf7 25. Bxb7 Qxa3 26. Qxa3 Nxa3 27. Nxf7 Kxf7 28. Ra1 Nc2 29. Rxa7 Ne1 30. Kf1 Nd3 31. Be4+ Ke6 32. Ra6+ Ke7 33. Ra7+ Ke6 34. Bxd3 Rxd3 35. Rxh7 Kf6 36. h4 Ra3 37. Kg2 Rb3 38. Ra7 Rc3 39. Ra4 Rb3 40. g4 Rd3 41. Ra6+ Kg7 42. Re6 Rd5 43. g5 Kf7 44. Rf6+ Kg7 45. Kg3 Rd3+ 46. Rf3 Rd4 47. Re3 Rd5 48. Ra3 Rb5 49. f3 Kf7 50. Ra7+ Kf8 51. h5 e4 52. f4 e3 53. h6 e2 54. Kf2 Rb4 55. Kxe2 Rxf4 56. h7 Rh4 57. Kf3 Rh1 58. Kf4 Rf1+ 59. Ke5 Rh1 60. Kf6 Rf1+ 61. Kxg6 1-0